<?xml version="1.0" encoding="UTF-8"?><?xml-stylesheet type="text/xsl" href="static/style.xsl"?><OAI-PMH xmlns="http://www.openarchives.org/OAI/2.0/" xmlns:xsi="http://www.w3.org/2001/XMLSchema-instance" xsi:schemaLocation="http://www.openarchives.org/OAI/2.0/ http://www.openarchives.org/OAI/2.0/OAI-PMH.xsd"><responseDate>2026-04-27T18:13:45Z</responseDate><request verb="GetRecord" identifier="oai:riubu.ubu.es:10259/4501" metadataPrefix="marc">https://riubu.ubu.es/oai/request</request><GetRecord><record><header><identifier>oai:riubu.ubu.es:10259/4501</identifier><datestamp>2022-04-26T11:42:10Z</datestamp><setSpec>com_10259_2699</setSpec><setSpec>col_10259_2703</setSpec></header><metadata><record xmlns="http://www.loc.gov/MARC21/slim" xmlns:doc="http://www.lyncode.com/xoai" xmlns:xsi="http://www.w3.org/2001/XMLSchema-instance" xmlns:dcterms="http://purl.org/dc/terms/" xsi:schemaLocation="http://www.loc.gov/MARC21/slim http://www.loc.gov/standards/marcxml/schema/MARC21slim.xsd">
<leader>00925njm 22002777a 4500</leader>
<datafield tag="042" ind1=" " ind2=" ">
<subfield code="a">dc</subfield>
</datafield>
<datafield tag="720" ind1=" " ind2=" ">
<subfield code="a">Escalona Concha, Edmundo</subfield>
<subfield code="e">author</subfield>
</datafield>
<datafield tag="260" ind1=" " ind2=" ">
<subfield code="c">2015</subfield>
</datafield>
<datafield tag="520" ind1=" " ind2=" ">
<subfield code="a">La Psicología Social se ocupa de los procesos de influjo que los factores sociales ejercen sobre la persona individual. &#xd;
 La Psicología Social estudia los efectos que desarrolla el comportamiento de los individuos que forman un grupo. &#xd;
Las circunstancias que concurren en una situación educativa son: docentes y discentes, un diseño concreto de instrucción cuyo protagonista  profesor y un diseño concreto de aprendizaje donde el protagonista es el alumno. &#xd;
         Frecuentemente la Psicología de la Educación han dejado de lado: las circunstancias grupales en que se producen los procesos de instrucción, los procesos de aprendizaje y la influencia que estas variables ejercen sobre los individuos.   &#xd;
En este trabajo se analizarán las interacciones o relaciones interpersonales que se producen en aula, en niveles universitarios influyen en los comportamientos individuales específicamente en los rendimientos académicos. &#xd;
 El Método Instruccional de Análisis de la Situación Educativa (MISE) destaca  principios que condicionan su eficacia y entre los que se encuentra las Relaciones Interpersonales.</subfield>
</datafield>
<datafield tag="024" ind2=" " ind1="8">
<subfield code="a">http://hdl.handle.net/10259/4501</subfield>
</datafield>
<datafield tag="024" ind2=" " ind1="8">
<subfield code="a">10.36443/10259/4501</subfield>
</datafield>
<datafield ind1=" " ind2=" " tag="653">
<subfield code="a">rendimiento académico</subfield>
</datafield>
<datafield ind1=" " ind2=" " tag="653">
<subfield code="a">academic performance</subfield>
</datafield>
<datafield ind1=" " ind2=" " tag="653">
<subfield code="a">social psychology</subfield>
</datafield>
<datafield ind1=" " ind2=" " tag="653">
<subfield code="a">psychology of education</subfield>
</datafield>
<datafield ind1=" " ind2=" " tag="653">
<subfield code="a">chilean students</subfield>
</datafield>
<datafield ind1=" " ind2=" " tag="653">
<subfield code="a">interpersonal relationships</subfield>
</datafield>
<datafield ind1=" " ind2=" " tag="653">
<subfield code="a">psicología social</subfield>
</datafield>
<datafield ind1=" " ind2=" " tag="653">
<subfield code="a">psicología de la educación</subfield>
</datafield>
<datafield ind1=" " ind2=" " tag="653">
<subfield code="a">estudiantes chilenos</subfield>
</datafield>
<datafield ind1=" " ind2=" " tag="653">
<subfield code="a">relaciones interpersonales</subfield>
</datafield>
<datafield tag="245" ind1="0" ind2="0">
<subfield code="a">Las relaciones interpersonales de aula y su incidencia en el rendimiento académico en contextos universitarios chilenos</subfield>
</datafield>
</record></metadata></record></GetRecord></OAI-PMH>